| 000 | 00701nam a2200205Ii 4500 | ||
|---|---|---|---|
| 003 | JO-AjNU | ||
| 008 | 230605s9999||||xx |||||||||||||| ||und|| | ||
| 040 |
_aJO-AjNU _bara _erda _cJO-AjNU |
||
| 041 | _aara | ||
| 050 | 1 | 4 | _aDT1072.A72 S2264 1989 |
| 100 | 3 |
_aتاليف السداني، علي خالد, _eauthor _98338 |
|
| 245 | 0 | 0 | _aمنهج العقاد في دراسة الشخصيات الإسلامية |
| 250 | _aط1 | ||
| 264 | 3 | 1 | _aبيروت: المكتبة العصرية، 1989 |
| 300 | _a241ص | ||
| 336 |
_atext _btxt _2rdacontent |
||
| 337 |
_aunmediated _bn _2rdamedia |
||
| 338 |
_avolume _bnc _2rdacarrier |
||
| 650 | 4 |
_aتراجم- عباس محمود العقاد -تاريخ _98339 |
|
| 999 |
_aA737 _c4305 _d4305 |
||